| 000 | 01089naa a22002657a 4500 | ||
|---|---|---|---|
| 001 | BR9208221 | ||
| 003 | BR-BrBNA | ||
| 005 | 20240918180807.0 | ||
| 007 | ta | ||
| 008 | 230509b bl.||||| |||| 00| 0 por d | ||
| 040 |
_aBR-BrBNA _bpor _cBiblioteca Nacional de Agricultura |
||
| 041 | _a(Pt) | ||
| 072 |
_aH10 _b2120 |
||
| 090 | _aH10 BR9208221 | ||
| 100 | 1 | _aNakano, O. | |
| 111 | 1 |
_a16. Congresso Brasileiro de Pesquisas Cafeeiras; 1. Encontro Nacional do Cafe _cEspirito Santo do Pinhal, SP (Brazil) _d6-9 Nov 1990 |
|
| 245 | 1 | _aPragas da cultura do cafeeiro | |
| 260 | 3 |
_aEspirito Santo do Pinhal, SP (Brasil): _c1990. |
|
| 500 | _a16. Congresso Brasileiro de Pesquisas Cafeeiras; 1. Encontro Nacional do Cafe. Anais Espirito Santo do Pinhal, SP (Brasil): 1990. p. 57-60 (BR9208221-AM)H10 | ||
| 650 | _aCAFE | ||
| 650 | _aPRAGA DE PLANTA | ||
| 773 | 0 |
_t16. Congresso Brasileiro de Pesquisas Cafeeiras; 1. Encontro Nacional do Cafe. Anais _wH10 BR9208221 _gEspirito Santo do Pinhal, SP (Brasil), 1990. p. 57-60 |
|
| 909 |
_a202404 _bLucia _c55 _dLucia Elande |
||
| 942 |
_cAM _2AGRIS |
||
| 999 |
_c322061 _d322061 |
||